African Countries with Two Vowels - Statistics

General Stats
  • This quiz has been taken 198 times
  • The average score is 8 of 10
Answer Stats
Country % Correct
Mali
89%
Niger
89%
Togo
87%
Benin
84%
Libya
83%
Sudan
83%
Ghana
82%
Kenya
81%
Gabon
75%
Rwanda
75%
No matching quizzes found
Score Distribution
Percent of People with Each Score
Percentile by Number Answered
Your Score History
You have not taken this quiz